00379nam a22001457a 4500020001800000082002300018100001700041245006200058250000900120260003500129300001000164650002300174650002300197650001300220 a9788119443116 aM 494.812 5bSOM/V aSomanadhan P aVakkum vicharavum:bbhashayude vazhikal/cby Somanadhan P a2nd. aKozhikode:bAtma Books,c2024. a280p. aGrammar Malayalam  aLanguage Malayalam aLanguage